000 00374nam a2200157Ia 4500
008 221030s9999 xx 000 0 und d
020 _a8126515547
041 _aEnglish
100 _aJ. D. Lee
245 0 _aConcise Inorganic Chemistry
_cby J. D. Lee
250 _a5th
260 _bWilley Pub.
_aNew Delhi
_c2015
300 _a1032
650 _aChemistry
942 _cBK
999 _c17306
_d17306